| 000 | 01322nam0a22002891 4500 | ||
|---|---|---|---|
| 001 | rc\4369743 | ||
| 005 | 20260406222226.0 | ||
| 021 |
_aRU _b[58-34121] |
||
| 035 | _a(NLR Aleph) 008286040 | ||
| 090 |
_a8546402 _c8546402 |
||
| 100 | _a20130416d1958 u y0rusy50 ca | ||
| 101 | 0 | _arus | |
| 102 | _aRU | ||
| 105 | _aa b ||||| | ||
| 200 | 1 |
_aКаталог _f[Вступ. статья М. Пожарской] _gСоюз художников СССР. Всерос. театр. о-во. Оргком-т Союза художников РСФСР. Выставка произведений засл. деятеля искусств Татар. АССР Эрнста Бруновича Гельмса |
|
| 210 |
_aМосква _cБ. и. _d1958 |
||
| 215 |
_a29 с., 11 л. ил. _d21 |
||
| 300 | _aНа 28-й с. сост.: М.Э. Юхневич | ||
| 702 | 1 |
_4080 _7ca _8rus _aПожарская _bМ. Н. _f1913-1998 _gМилица Николаевна _3RU\NLR\AUTH\770289696 _92696248 |
|
| 702 | 1 |
_aЮхневич _bМ.Э. _4220 |
|
| 710 | 1 | 0 |
_aГельмс, _gЭрнст Брунович _hВыставка произведений _f1958 _eМосква _3RU\NLR\AUTH\889977188 _9451088 |
| 801 | 0 |
_aRU _bNLR _gpsbo |
|
| 801 | 1 |
_aRU _bELAR _2rusmarc |
|
| 852 |
_aNLR _bЭ _jКП/Г321,1 |
||
| 942 | _cBOOK | ||
| 980 | _aNB | ||